Responses for Show #3684 - Thursday, September 14, 2000

Michelle Clum game 2.

Contestants

[<< previous game]

Brian Adams, a technical editor from Santa Clara, California

Karen Sommers, a tax attorney from San Diego, California

Michelle Clum, an executive assistant originally from Wichita, Kansas (whose 1-day cash winnings total $3,799)

[next game >>]

Jeopardy! Round responses

AMERICAN HISTORY
CINEMATIC TITLE PAIRS
BRITISH LITERATURE
DINING OUT
QUICKIES
ROCK ON!
    $100 1
Lee Harvey Oswald

Michelle
    $100 11
The Naked

Michelle
    $100 5
Lewis Carroll

Karen
    $100 18
(Alex: It was designed to keep people busy while waiting for their tables, sometimes up to 6 hours.)

Knott's Berry Farm

Michelle
    $100 24
(Brian: What is a blink?)

a twinkling

KarenBrian
    $100 8
Green

Michelle
    $200 2
South Carolina

Michelle
    $200 12
Harold

Karen
    $500 6
Jacob Marley

Karen
    $200 19
Ireland

Brian
    $200 27
The double

Triple Stumper
    $200 16
Gravel

Karen
    $300 3
Dolley Madison

Michelle
    $300 13
Turner

Michelle
    $300 7
Lost Horizon

Brian
    $300 21
New Orleans

Michelle
    $300 28
(Karen: What is drip?)

instant

Karen
Triple Stumper
    $300 20
Igneous

Michelle
    $400 4
John "Black Jack" Pershing

Karen
    $400 14
(Karen: Who is Hercules?)

Tarzan

Karen
Triple Stumper
    $400 9
(Karen: Who is the Green Knight?)

Ivanhoe

Karen
Triple Stumper
    $400 22
turtles

Triple Stumper
    $400 29
the Flash

Brian
    $400 25
Flint

Michelle
    $500 10
Alf Landon

Michelle
    $500 15
The Duchess

Brian
    $500 17
P.G. Wodehouse

Michelle
    $500 23
Norway

Michelle
    $500 30
New York minute

Brian
    $500 26
Boulder

Michelle

Scores at the first commercial break (after clue 15):

Michelle Karen Brian
$1,600 $400 $800

Scores at the end of the Jeopardy! Round:

Michelle Karen Brian
$4,200 $400 $1,800

Double Jeopardy! Round responses

SISTER WENDY'S PICKS
(Alex: I hope you're familiar with Sister Wendy.)
1950s EMMYS
CENTRAL AMERICA
THE PORPOISE
TENTS
"ALL" THE WAY
    $200 2
a dog

Michelle
    $200 8
I Love Lucy

Michelle
    $200 10
Bananas

Brian
    $200 11
(Brian: What is the Gulf of Baja?)

the Gulf of California

Brian
Triple Stumper
    $200 14
Pup tent

Brian
    $200 1
Allergy

Karen
    $400 3
Melancholy

Karen
    $400 9
(Michelle: What is The Price is Right?)

Truth or Consequences

MichelleKaren
    $400 13
Colombia

Karen
    $400 27
Flipper

Michelle
    $400 17
Big top

Brian
    $400 7
Allen wrench

Brian
    $600 4
David (or Jonathan)

Brian
    $1,000 24
(Alex: Less than a minute to complete the round.)

Maverick

Michelle
    $600 21
Quetzal

Michelle
    $600 28
Dorsal fin

Karen
    $600 18
Levi Strauss

Karen
    $600 12
Alloy

Michelle
    $800 5
Cupid

Triple Stumper
    $800 25
Ann B. Davis

Michelle
    $1,000 22
Belize (formerly British Honduras)

Michelle
    $800 29
(Karen: What is pinniped?)

cetaceans

KarenBrian
    $800 19
Trojan War

Michelle
    $800 15
Alleghenies

Brian
    $1000 6
Anthony van Dyck

Karen
    $1000 26
(Karen: Who is Paddy Chayefsky?)

Rod Serling

Karen
Triple Stumper
    $1000 23
Managua

Triple Stumper
    $1000 30
Echolocation

Brian
    $1000 20
Omar Khayyam

Karen
    $1000 16
(Brian: What is alligator fruit?)

an alligator pear

KarenBrian

Scores at the end of the Double Jeopardy! Round:

Michelle Karen Brian
$9,400 $4,200 $5,000

[wagering suggestions for these scores]

Final Jeopardy! Round responses

WORD ORIGINS
KarenWhat is Donnybrook?
$701
BrianWhat is The Downs
$5,000
MichelleWhat is
$601
Donnybrook

Final scores:

Michelle Karen Brian
$8,799 $4,901 $0
2-day champion: $12,598 2nd place: Zenith 36" Hi-Resolution TV & Tivo Service 3rd place: ibeauty.com Gift Certificate

Game dynamics:

Coryat scores:

Michelle Karen Brian
$8,800 $3,900 $5,000
23 R
(including 2 DDs),
1 W
15 R
(including 1 DD),
5 W
13 R,
3 W

Combined Coryat: $17,700

[game clues] [game scores] [suggest correction]

Game tape date: 2000-07-26
The J! Archive is created by fans, for fans. Scraping, republication, monetization, and malicious use prohibited; this site may use cookies and collect identifying information. See terms. The Jeopardy! game show and all elements thereof, including but not limited to copyright and trademark thereto, are the property of Jeopardy Productions, Inc. and are protected under law. This website is not affiliated with, sponsored by, or operated by Jeopardy Productions, Inc. Join the discussion at JBoard.tv.